| 000 | 00644nam a2200205 a 4500 | ||
|---|---|---|---|
| 001 | 000029945 | ||
| 005 | 20200930055929.0 | ||
| 008 | 110427s1974 sp 000 0 spa d | ||
| 020 | _a8422606232 | ||
| 040 |
_aDO-SdBNP _bspa _cBNPHU |
||
| 082 |
_axxx _bxxx |
||
| 100 | 1 |
_aBrandis, Mark _956690 |
|
| 240 | 1 | 0 |
_aAlarm im Weltraum _lespañol |
| 245 | 1 | 0 |
_aAlarma en el espacio / _cMark Brandis ; traducción Marciano Villanueva. |
| 260 |
_aBarcelona : _bCírculo de lectores, _bHerder, _c1974. |
||
| 300 |
_a212 p. ; _c21 cm. |
||
| 500 | _atraducido del alemán | ||
| 590 | _aInventariado, 2019/ YL | ||
| 700 | 1 |
_aVillanueva, Marciano, _etr. _944482 |
|
| 999 |
_c29437 _d29437 |
||